Código de procedimiento civil: citas de jurisprudencia, anotado y concordado, índice temático alfabético, apéndices

Uloženo v:
Podrobná bibliografie
Médium: Kniha
Jazyk:španělština
Vydáno: Santiago LexisNexis 2004
Vydání:4a. ed
Edice:Códigos de la República de Chile
Témata:
Tagy: Přidat tag
Žádné tagy, Buďte první, kdo vytvoří štítek k tomuto záznamu!

MARC

LEADER 00000nam a2200000 a 4500
001 UCL7226
003 CL-VaPUC
008 040514e20040130CL |||||||||||||||||spa|d
020 |a 9562384497 
082 0 4 |a 347.83  |b COD  |2 21 
245 1 0 |a Código de procedimiento civil: citas de jurisprudencia, anotado y concordado, índice temático alfabético, apéndices 
250 |a 4a. ed 
300 |a 365 p 
942 |c BK 
945 |d 20040514 00:00:00  |a cmena 
260 |a Santiago  |b LexisNexis  |c 2004 
650 0 |a Código de procedimiento civil  |9 256305 
650 0 |a Derecho civil chileno  |9 320612 
650 7 |a JUICIO ORDINARIO  |2 CL-VaPUC  |9 254867 
650 7 |a JUICIOS ESPECIALES  |2 CL-VaPUC  |9 348378 
583 |a last modification  |c 20040514 00:00:00  |k Rodrigo Vera 
490 0 |a Códigos de la República de Chile 
999 |c 309076  |d 309074 
952 |0 0  |1 0  |2 ddc  |4 0  |6 347_830000000000000_COD_2004  |7 0  |8 FOND_LRYV  |9 376211  |a BIBDER  |b BIBDER  |d 2019-11-21  |i 4017269  |o 347.83 COD 2004  |p 4017269  |r 2023-01-25  |w 2019-11-21  |y BK_X  |k DER 
952 |0 0  |1 0  |2 ddc  |4 0  |6 347_830000000000000_COD_2004  |7 0  |8 FOND_LRYV  |9 376213  |a BIBDER  |b BIBDER  |d 2019-11-21  |i 4017285  |o 347.83 COD 2004  |p 4017285  |r 2023-01-25  |w 2019-11-21  |y BK_X  |k DER